[Event "CZE-chT2 9900"]
[Site "Czech Republic"]
[Date "2000.??.??"]
[Round "?"]
[White "Maskova, Jana"]
[Black "Bus, Daniel"]
[Result "1-0"]
[WhiteElo "2230"]
[BlackElo "2270"]
[PlyCount "63"]
[EventDate "1999.??.??"]
[EventType "team"]
[EventRounds "11"]
[EventCountry "CZE"]
[SourceTitle "EXT 2001"]
[Source "ChessBase"]
[SourceDate "2000.11.22"]
[SourceVersion "1"]
[SourceVersionDate "2000.11.22"]
[SourceQuality "1"]

1. e4 e6 2. d4 d5 3. Nd2 dxe4 4. Nxe4 Qd5 5. f3 Nc6 6. Be3 f5 7. Nc3 Bb4 8. Nge2 Nf6 9. a3 Bxc3+ 10. Nxc3 Qd8 11. Bc4 Nd5 12. Bxd5 exd5 13. Qd2 Be6 14. 0-0 0-0 15. Bg5 Qd7 16. Rfe1 Rae8 17. Bf4 a6 18. Re2 Bf7 19. Rae1 Rxe2 20. Rxe2 Re8 21. Rxe8+ Bxe8 22. Qe3 Bf7 23. Nd1 Kf8 24. c3 Nd8 25. Qe5 c6 26. Qb8 Ke8 27. Bg5 Be6 28. Nf2 Qc8 29. Qe5 Qd7 30. Nd3 h6 31. Nc5 Nf7 32. Qxg7 1-0

[Event "CZE-chT2 9798"]
[Site "Czech Republic"]
[Date "1998.??.??"]
[Round "8.4"]
[White "Maskova, Jana"]
[Black "Muron, Miroslav"]
[Result "1-0"]
[WhiteElo "2230"]
[BlackElo "2190"]
[PlyCount "95"]
[EventDate "1997.??.??"]
[EventType "team"]
[EventRounds "11"]
[EventCountry "CZE"]
[SourceTitle "EXT 1999"]
[Source "ChessBase"]
[SourceDate "1998.11.16"]
[SourceVersion "1"]
[SourceVersionDate "1998.11.16"]
[SourceQuality "1"]

1. e4 e5 2. Nf3 Nc6 3. Bc4 Nf6 4. d3 Be7 5. 0-0 0-0 6. c3 a6 7. Bb3 d6 8. Re1 Ne8 9. Nbd2 Kh8 10. d4 Bg4 11. h3 Bh5 12. d5 Nb8 13. Nf1 f6 14. Ng3 Bf7 15. Nf5 Rg8 16. Nh2 Bf8 17. Qf3 Nd7 18. Bd2 g6 19. Nh6 Bxh6 20. Bxh6 Ng7 21. Bc2 Qe7 22. Ng4 Raf8 23. Bd2 Rb8 24. Nh6 Rgf8 25. g4 c6 26. c4 Rfc8 27. Rac1 Be8 28. Bb1 cxd5 29. exd5 b5 30. cxb5 axb5 31. Bb4 Rc4 32. Rxc4 bxc4 33. Qa3 Nc5 34. Bxc5 dxc5 35. Qc3 Bd7 36. Qxc4 Rb4 37. d6 Rxc4 38. dxe7 Be6 39. Bd3 Rb4 40. Rc1 c4 41. a3 Ra4 42. Be2 Ne8 43. h4 Kg7 44. g5 c3 45. Rxc3 Rxh4 46. Bb5 fxg5 47. Bxe8 Kf6 48. Bxg6 1-0

[Event "CZE-chTV"]
[Site "Czech Republic"]
[Date "1998.??.??"]
[Round "?"]
[White "Maskova, Jana"]
[Black "Zemanek, Ivo"]
[Result "1/2-1/2"]
[WhiteElo "2230"]
[BlackElo "2125"]
[PlyCount "58"]
[EventDate "1998.??.??"]
[EventType "team"]
[EventRounds "11"]
[EventCountry "CZE"]
[SourceTitle "EXT 2003"]
[Source "ChessBase"]
[SourceDate "2002.11.25"]
[SourceVersion "1"]
[SourceVersionDate "2002.11.25"]
[SourceQuality "1"]

1. e4 e5 2. Nf3 d6 3. d4 Nf6 4. dxe5 Nxe4 5. Bc4 c6 6. exd6 Nxd6 7. Qe2+ Qe7 8. 0-0 Qxe2 9. Bxe2 Be7 10. Bf4 0-0 11. Nc3 Bf5 12. Rad1 Ne4 13. Nxe4 Bxe4 14. c3 c5 15. Ne5 Nc6 16. Nd7 Rfe8 17. Bg4 c4 18. Rfe1 Bc2 19. Rc1 Bd3 20. Ne5 Nxe5 21. Bxe5 Bc5 22. Bf4 Rad8 23. Bf3 b6 24. Bc6 Rxe1+ 25. Rxe1 Kf8 26. g3 f6 27. h4 Kf7 28. Kg2 Bf5 29. Bf3 g6 1/2-1/2

[Event "CZE-chT2 9798"]
[Site "Czech Republic"]
[Date "1998.??.??"]
[Round "7.4"]
[White "Petr, Jan"]
[Black "Maskova, Jana"]
[Result "1-0"]
[WhiteElo "2180"]
[BlackElo "2230"]
[PlyCount "111"]
[EventDate "1997.??.??"]
[EventType "team"]
[EventRounds "11"]
[EventCountry "CZE"]
[SourceTitle "EXT 1999"]
[Source "ChessBase"]
[SourceDate "1998.11.16"]
[SourceVersion "1"]
[SourceVersionDate "1998.11.16"]
[SourceQuality "1"]

1. e4 c5 2. Nf3 Nc6 3. d4 cxd4 4. Nxd4 Nf6 5. Nc3 e5 6. Ndb5 d6 7. Nd5 Nxd5 8. exd5 Nb8 9. Be3 Be7 10. c4 Nd7 11. Bd3 0-0 12. 0-0 b6 13. b4 f5 14. f4 a6 15. Nc3 exf4 16. Bxf4 Ne5 17. Be2 Bf6 18. Qb3 Kh8 19. Rad1 Rb8 20. Rfe1 g5 21. Be3 f4 22. Bd4 g4 23. Ne4 Bg7 24. Rf1 Rb7 25. Qc3 Rbf7 26. c5 bxc5 27. bxc5 f3 28. Bc4 Nxc4 29. Qxc4 dxc5 30. Bxc5 Rg8 31. Nd6 Rc7 32. Bb6 Qxd6 33. Bxc7 Qh6 34. Bf4 Qb6+ 35. Kh1 Qb2 36. Rd2 Qf6 37. gxf3 gxf3 38. Rxf3 Bg4 39. Rff2 Qa1+ 40. Qf1 Qc3 41. Qd3 Qc8 42. h4 Bf5 43. Qa3 Be4+ 44. Kh2 Qd8 45. Bg3 Qb6 46. Qb3 Qc5 47. Rfe2 Qa5 48. Qc4 Bf3 49. Rf2 h6 50. Qc7 Qb4 51. Qf4 Qxf4 52. Bxf4 Be4 53. d6 Bf6 54. Bg3 Kg7 55. Rxf6 Kxf6 56. d7 1-0

[Event "CZE-chTV"]
[Site "Czech Republic"]
[Date "1998.??.??"]
[Round "?"]
[White "Seleljo, Daniel"]
[Black "Maskova, Jana"]
[Result "1-0"]
[WhiteElo "2385"]
[BlackElo "2230"]
[PlyCount "81"]
[EventDate "1998.??.??"]
[EventType "team"]
[EventRounds "11"]
[EventCountry "CZE"]
[SourceTitle "EXT 2003"]
[Source "ChessBase"]
[SourceDate "2002.11.25"]
[SourceVersion "1"]
[SourceVersionDate "2002.11.25"]
[SourceQuality "1"]

1. c4 e5 2. Nc3 Nc6 3. g3 g6 4. Bg2 Bg7 5. Nf3 d6 6. 0-0 Nge7 7. d3 0-0 8. Rb1 Nd4 9. Bd2 c6 10. b4 Qc7 11. b5 Bd7 12. Ne1 f5 13. Qc1 Rf7 14. Qa3 h6 15. e3 Ne6 16. bxc6 bxc6 17. Nb5 cxb5 18. Bxa8 f4 19. Qa5 fxe3 20. fxe3 Rxf1+ 21. Kxf1 Qb8 22. Bg2 Ng5 23. Nf3 Qf8 24. Ke2 e4 25. Nxg5 exd3+ 26. Kxd3 hxg5 27. Rxb5 Bxb5 28. Qxb5 Qf2 29. Qb7 Kh7 30. g4 d5 31. Bxd5 Nxd5 32. Qxd5 Qf1+ 33. Kc2 Qe2 34. h3 a5 35. e4 a4 36. c5 Qb5 37. c6 Qb6 38. Qc4 Qb2+ 39. Kd1 Qa1+ 40. Ke2 Qe5 41. c7 1-0

[Event "CZE-chT1b 9697"]
[Site "Czech Republic"]
[Date "1997.??.??"]
[Round "?"]
[White "Karnik, Pavel"]
[Black "Maskova, Jana"]
[Result "1/2-1/2"]
[WhiteElo "2275"]
[BlackElo "2240"]
[PlyCount "57"]
[EventDate "1996.??.??"]
[EventType "team"]
[EventRounds "11"]
[EventCountry "CZE"]
[SourceTitle "EXT 1998"]
[Source "ChessBase"]
[SourceDate "1997.11.17"]
[SourceVersion "1"]
[SourceVersionDate "1997.11.17"]
[SourceQuality "1"]

1. e4 c5 2. Nf3 Nc6 3. Bb5 d6 4. d4 cxd4 5. Qxd4 Bd7 6. Bxc6 Bxc6 7. Nc3 Nf6 8. Bg5 e6 9. 0-0-0 Be7 10. Qd3 Qa5 11. h4 0-0-0 12. Nd4 Rd7 13. f3 Kb8 14. Kb1 Rc8 15. g4 Ne8 16. Be3 Bf6 17. g5 Bxd4 18. Bxd4 e5 19. Bf2 Nc7 20. Qe3 Ne6 21. Rd2 Nd4 22. Rhd1 Rdc7 23. Qd3 Bb5 24. Nxb5 Nxb5 25. Qb3 Rc4 26. c3 a6 27. Rd3 f6 28. gxf6 gxf6 29. Be1 1/2-1/2

[Event "CZE-chT2 9697"]
[Site "Czech Republic"]
[Date "1997.??.??"]
[Round "?"]
[White "Maskova, Jana"]
[Black "Jedlicka, Ales"]
[Result "1-0"]
[WhiteElo "2240"]
[BlackElo "2160"]
[PlyCount "113"]
[EventDate "1996.??.??"]
[EventType "team"]
[EventRounds "11"]
[EventCountry "CZE"]
[SourceTitle "EXT 1998"]
[Source "ChessBase"]
[SourceDate "1997.11.17"]
[SourceVersion "1"]
[SourceVersionDate "1997.11.17"]
[SourceQuality "1"]

1. e4 d5 2. exd5 Nf6 3. d4 Nxd5 4. c4 Nb6 5. Nc3 e5 6. d5 Be7 7. Nf3 f6 8. Be3 Bg4 9. c5 Nc8 10. Bb5+ Nd7 11. Qa4 Bxf3 12. gxf3 a6 13. Rg1 g6 14. Rd1 Rb8 15. Bd3 0-0 16. Qg4 Qe8 17. Qh5 f5 18. Bxf5 Bf6 19. Qh3 Rf7 20. Be6 b6 21. Bxf7+ Qxf7 22. c6 Nf8 23. Ne4 Ne7 24. d6 cxd6 25. Rxd6 Bg7 26. Ng5 Qxa2 27. c7 Rc8 28. Bxb6 Qb1+ 29. Rd1 Qxb2 30. Ba5 Qa3 31. Bd2 Nf5 32. Rc1 h6 33. Ne4 Qd3 34. Qf1 Qxf3 35. Qc4+ Kh7 36. Rc3 Rxc7 37. Qxc7 Qxe4+ 38. Kf1 Qb1+ 39. Bc1 Ne6 40. Qc4 Nf4 41. Rb3 Qa2 42. Bxf4 exf4 43. Rb4 Qa1+ 44. Kg2 Nh4+ 45. Kh1 Qa3 46. Qxf4 a5 47. Rbb1 Nf5 48. Rb7 Qd3 49. Rgb1 g5 50. Qg4 Qd5+ 51. Qg2 Qd4 52. Re1 Qd2 53. Rbb1 Qf4 54. Qe4 Qxe4+ 55. Rxe4 Kg6 56. Rb5 Nd6 57. Re6+ 1-0

[Event "CZE-chT1b 9697"]
[Site "Czech Republic"]
[Date "1997.??.??"]
[Round "?"]
[White "Maskova, Jana"]
[Black "Kucera, Petr"]
[Result "1/2-1/2"]
[WhiteElo "2240"]
[BlackElo "2335"]
[PlyCount "78"]
[EventDate "1996.??.??"]
[EventType "team"]
[EventRounds "11"]
[EventCountry "CZE"]
[SourceTitle "EXT 1998"]
[Source "ChessBase"]
[SourceDate "1997.11.17"]
[SourceVersion "1"]
[SourceVersionDate "1997.11.17"]
[SourceQuality "1"]

1. e4 c6 2. d4 d5 3. exd5 cxd5 4. c4 Nf6 5. Nc3 Nc6 6. cxd5 Nxd5 7. Nf3 Bg4 8. Bc4 e6 9. Nxd5 exd5 10. Be2 Bb4+ 11. Bd2 Qa5 12. 0-0 0-0 13. Be3 Rfe8 14. a3 Bd6 15. Re1 Qc7 16. h3 Bh5 17. Rc1 Bf4 18. Bxf4 Qxf4 19. Rc3 Re6 20. Bb5 Nxd4 21. Rxe6 Bxf3 22. Be2 fxe6 23. Bxf3 Rf8 24. Qe1 Qd6 25. Bg4 e5 26. Qe3 Nc6 27. Qc5 Rd8 28. Qb5 d4 29. Rf3 d3 30. Qxb7 d2 31. Rf7 d1Q+ 32. Bxd1 Qxd1+ 33. Kh2 Qh5 34. Rxg7+ Kh8 35. Qxc6 Kxg7 36. Qc7+ Qf7 37. Qxd8 Qf4+ 38. Kg1 Qc1+ 39. Kh2 Qf4+ 1/2-1/2

[Event "Ceske Budejovice op"]
[Site "Ceske Budejovice"]
[Date "1997.??.??"]
[Round "4"]
[White "Maskova, Jana"]
[Black "Slugin, Sergey"]
[Result "0-1"]
[WhiteElo "2230"]
[BlackElo "2305"]
[PlyCount "78"]
[EventDate "1997.??.??"]
[EventType "swiss"]
[EventRounds "9"]
[EventCountry "CZE"]
[SourceTitle "EXT 1998"]
[Source "ChessBase"]
[SourceDate "1997.11.17"]
[SourceVersion "1"]
[SourceVersionDate "1997.11.17"]
[SourceQuality "1"]

1. e4 c5 2. Nc3 Nc6 3. Nge2 g6 4. d4 cxd4 5. Nxd4 Bg7 6. Be3 d6 7. Be2 Nf6 8. Nb3 Be6 9. f4 Na5 10. g4 Rc8 11. g5 Nd7 12. Bd4 f6 13. h4 Bc4 14. h5 Bxe2 15. Qxe2 e5 16. Bf2 fxg5 17. hxg6 Nxb3 18. axb3 exf4 19. Nd5 hxg6 20. Rxh8+ Bxh8 21. Qg4 Kf7 22. 0-0-0 Ne5 23. Qh3 Bg7 24. Bd4 Qh8 25. Qg2 Qd8 26. Bc3 a5 27. Qe2 Rc5 28. Bd4 Rxd5 29. exd5 Qd7 30. Rg1 f3 31. Qd2 g4 32. Be3 a4 33. Bh6 axb3 34. Bxg7 Kxg7 35. Rh1 Nf7 36. Qd4+ Kg8 37. cxb3 Qf5 38. Rf1 g3 39. Re1 Ne5 0-1

[Event "CZE-chT2 9697"]
[Site "Czech Republic"]
[Date "1997.??.??"]
[Round "?"]
[White "Maskova, Jana"]
[Black "Svatos, Jan"]
[Result "1/2-1/2"]
[WhiteElo "2240"]
[BlackElo "2305"]
[PlyCount "82"]
[EventDate "1996.??.??"]
[EventType "team"]
[EventRounds "11"]
[EventCountry "CZE"]
[SourceTitle "EXT 1998"]
[Source "ChessBase"]
[SourceDate "1997.11.17"]
[SourceVersion "1"]
[SourceVersionDate "1997.11.17"]
[SourceQuality "1"]

1. e4 c5 2. Nc3 Nc6 3. Nge2 d6 4. d4 cxd4 5. Nxd4 Nf6 6. Bg5 Qa5 7. Bxf6 gxf6 8. Qd2 h5 9. f4 Bh6 10. g3 Bd7 11. 0-0-0 Rc8 12. Kb1 Nxd4 13. Qxd4 Qc5 14. Be2 Qxd4 15. Rxd4 f5 16. exf5 Bg7 17. Rc4 Rxc4 18. Bxc4 Bxc3 19. bxc3 Bxf5 20. Bd3 Bg4 21. Be4 Kd7 22. Kb2 f5 23. Bg2 h4 24. Re1 hxg3 25. hxg3 b6 26. Bd5 e5 27. Rh1 Rxh1 28. Bxh1 e4 29. Bg2 Ke6 30. Kc1 e3 31. Bc6 d5 32. Bb5 Kd6 33. a3 Kc5 34. Ba6 d4 35. c4 Bh3 36. Kd1 Bg4+ 37. Ke1 d3 38. cxd3 Kd4 39. Bb5 a5 40. a4 Kc3 41. Ba6 Kd4 1/2-1/2

[Event "CZE-chT2 9697"]
[Site "Czech Republic"]
[Date "1997.??.??"]
[Round "?"]
[White "Trefny, Vlastimil"]
[Black "Maskova, Jana"]
[Result "1-0"]
[WhiteElo "2265"]
[BlackElo "2240"]
[PlyCount "117"]
[EventDate "1996.??.??"]
[EventType "team"]
[EventRounds "11"]
[EventCountry "CZE"]
[SourceTitle "EXT 1998"]
[Source "ChessBase"]
[SourceDate "1997.11.17"]
[SourceVersion "1"]
[SourceVersionDate "1997.11.17"]
[SourceQuality "1"]

1. e4 c5 2. Nf3 Nc6 3. d4 cxd4 4. Nxd4 Nf6 5. Nc3 e5 6. Ndb5 d6 7. Nd5 Nxd5 8. exd5 Nb8 9. c4 Bf5 10. Be2 Nd7 11. 0-0 Be7 12. Be3 b6 13. b4 a6 14. Nc3 0-0 15. Rc1 Bg6 16. Na4 Bg5 17. Qd2 Bxe3 18. Qxe3 f5 19. c5 bxc5 20. bxc5 Qa5 21. Rc4 f4 22. Qc1 dxc5 23. Nxc5 Nb6 24. Rc3 Rac8 25. Rd1 Nd7 26. Ne4 Rxc3 27. Qxc3 Qxc3 28. Nxc3 Rc8 29. Na4 Rc2 30. Bg4 Be8 31. Bxd7 Bxd7 32. Nb6 Rc7 33. f3 Kf7 34. Rd2 Kf6 35. Kf2 Rb7 36. Nc4 Bf5 37. g4 fxg3+ 38. hxg3 h5 39. Nd6 Rd7 40. Ne4+ Bxe4 41. fxe4 Rc7 42. Rd3 Rc2+ 43. Kf3 Rb2 44. Ke3 Rg2 45. Kf3 Rb2 46. Ra3 Rb6 47. Rc3 g6 48. Ke3 g5 49. Rc2 Ke7 50. Rc7+ Kf6 51. Rh7 Kg6 52. Rh8 g4 53. Re8 Rf6 54. Rxe5 Rf3+ 55. Ke2 Rxg3 56. d6 Rg2+ 57. Ke3 Rg3+ 58. Kd2 Rg2+ 59. Kc3 1-0

[Event "CZE-chT1 9596"]
[Site "Czech Republic"]
[Date "1996.??.??"]
[Round "?"]
[White "Dolezal, Radoslav"]
[Black "Maskova, Jana"]
[Result "1/2-1/2"]
[WhiteElo "2260"]
[BlackElo "2255"]
[PlyCount "82"]
[EventDate "1995.??.??"]
[EventType "team-tourn"]
[EventRounds "11"]
[EventCountry "CZE"]
[SourceTitle "EXT 2000"]
[Source "ChessBase"]
[SourceDate "1999.11.16"]
[SourceVersion "1"]
[SourceVersionDate "1999.11.16"]
[SourceQuality "1"]

1. e4 c5 2. c3 Nf6 3. e5 Nd5 4. d4 cxd4 5. Nf3 e6 6. cxd4 d6 7. Bc4 Nc6 8. 0-0 Be7 9. exd6 Qxd6 10. Nc3 Nxc3 11. bxc3 0-0 12. Qe2 b6 13. Rd1 Bb7 14. Bb2 Rad8 15. Bd3 Bf6 16. Rac1 Rfe8 17. Bb5 Rf8 18. h3 Ne7 19. Bd3 Ng6 20. Qe3 Nh4 21. Nxh4 Bxh4 22. c4 h6 23. Ba3 Bg5 24. Bxd6 Bxe3 25. fxe3 Rxd6 26. c5 bxc5 27. dxc5 Rc6 28. Bb5 Rc7 29. c6 Bc8 30. Rc5 f6 31. Kf2 Kf7 32. Ke2 Ke7 33. Rd4 e5 34. Ra4 Rd8 35. Rc3 Rd6 36. Rca3 a6 37. Bxa6 Rdxc6 38. Bd3 Rb6 39. Rb3 Rcb7 40. Rxb6 Rxb6 41. Ra7+ Rb7 1/2-1/2

[Event "CZE-chT1 9596"]
[Site "Czech Republic"]
[Date "1995.??.??"]
[Round "?"]
[White "Svatos, Jan"]
[Black "Maskova, Jana"]
[Result "1-0"]
[WhiteElo "2290"]
[BlackElo "2255"]
[PlyCount "79"]
[EventDate "1995.??.??"]
[EventType "team-tourn"]
[EventRounds "11"]
[EventCountry "CZE"]
[SourceTitle "EXT 2000"]
[Source "ChessBase"]
[SourceDate "1999.11.16"]
[SourceVersion "1"]
[SourceVersionDate "1999.11.16"]
[SourceQuality "1"]

1. e4 c5 2. Nf3 Nc6 3. d4 cxd4 4. Nxd4 Nf6 5. Nc3 e5 6. Ndb5 d6 7. Bg5 a6 8. Na3 b5 9. Nd5 Be7 10. Bxf6 Bxf6 11. c3 0-0 12. Nc2 Bg5 13. h4 Bh6 14. a4 Rb8 15. axb5 axb5 16. g3 Kh8 17. Bg2 Be6 18. Ra6 Bxd5 19. Qxd5 Rb6 20. Rxb6 Qxb6 21. 0-0 Ne7 22. Qd3 f5 23. Nb4 g6 24. exf5 Nxf5 25. Be4 Qc5 26. h5 Kg7 27. hxg6 hxg6 28. Nd5 Bg5 29. b4 Qa7 30. Bxf5 Rxf5 31. Qxb5 e4 32. Qb6 Qf7 33. c4 e3 34. Nxe3 Bxe3 35. Qxe3 Qxc4 36. Qe7+ Kh6 37. Qxd6 Qe2 38. Qd4 Kh7 39. Ra1 Rf7 40. Ra8 1-0

[Event "Olympiad Women-31"]
[Site "Moscow"]
[Date "1994.12.09"]
[Round "8"]
[White "Maskova, Jana"]
[Black "Graf, Rena"]
[Result "1/2-1/2"]
[WhiteElo "2220"]
[BlackElo "2155"]
[PlyCount "118"]
[EventDate "1994.12.01"]
[EventType "team-swiss"]
[EventRounds "14"]
[EventCountry "RUS"]
[SourceTitle "EXT 2019"]
[Source "ChessBase"]
[SourceDate "2018.10.10"]
[SourceVersion "1"]
[SourceVersionDate "2018.10.10"]
[SourceQuality "1"]
[WhiteTeam "Czech Republic (W)"]
[BlackTeam "Uzbekistan (W)"]
[WhiteTeamCountry "CZE"]
[BlackTeamCountry "UZB"]

1. e4 e6 2. d4 d5 3. Nd2 c5 4. Ngf3 cxd4 5. exd5 Qxd5 6. Bc4 Qd6 7. 0-0 Nf6 8. Nb3 Nc6 9. Nbxd4 Nxd4 10. Qxd4 Qxd4 11. Nxd4 a6 12. Bf4 Bc5 13. Rad1 0-0 14. Bb3 b6 15. c3 Bb7 16. Bc2 b5 17. a4 Rfd8 18. Nb3 Bb6 19. a5 Ba7 20. Bc7 Rdc8 21. Be5 Bd5 22. Nd4 b4 23. Ne2 Rc5 24. Bd6 Rxa5 25. Bxb4 Rb5 26. Bd3 Rb6 27. Ra1 Bb8 28. f4 a5 29. Ba3 Rc6 30. Kh1 Bc4 31. Bxc4 Rxc4 32. b3 Rc6 33. Rfd1 Be5 34. Rac1 h6 35. c4 Rb8 36. Rb1 a4 37. bxa4 Ra8 38. Rb4 Bd6 39. c5 Bf8 40. Rc4 Rca6 41. Nc3 Nd5 42. Rdd4 Nxc3 43. Rxc3 Rxa4 44. Rxa4 Rxa4 45. g3 Ra8 46. Kg2 f6 47. Bb4 Kf7 48. Kf3 Ke8 49. Ke4 Kd7 50. f5 e5 51. c6+ Kc7 52. Bxf8 Rxf8 53. Kd5 Re8 54. Rc4 e4 55. Rxe4 Rxe4 56. Kxe4 Kxc6 57. Kd4 Kd6 58. g4 Kc6 59. Kc4 Kd6 1/2-1/2

[Event "Olympiad Women-31"]
[Site "Moscow"]
[Date "1994.12.08"]
[Round "7"]
[White "Walta, Paivi"]
[Black "Maskova, Jana"]
[Result "0-1"]
[WhiteElo "2015"]
[BlackElo "2220"]
[PlyCount "56"]
[EventDate "1994.12.01"]
[EventType "team-swiss"]
[EventRounds "14"]
[EventCountry "RUS"]
[SourceTitle "EXT 2019"]
[Source "ChessBase"]
[SourceDate "2018.10.10"]
[SourceVersion "1"]
[SourceVersionDate "2018.10.10"]
[SourceQuality "1"]
[WhiteTeam "Finland (W)"]
[BlackTeam "Czech Republic (W)"]
[WhiteTeamCountry "FIN"]
[BlackTeamCountry "CZE"]

1. e4 c5 2. Nf3 Nc6 3. d4 cxd4 4. Nxd4 e5 5. Nb5 a6 6. Nd6+ Bxd6 7. Qxd6 Qf6 8. Qxf6 Nxf6 9. f3 d5 10. exd5 Nxd5 11. c3 Bf5 12. g3 0-0 13. Be2 Rfe8 14. a4 e4 15. 0-0 e3 16. f4 Rad8 17. g4 Bc2 18. Kg2 Re4 19. Kg3 Na5 20. Na3 Bb3 21. Bf3 Re7 22. Re1 Rde8 23. c4 Nb4 24. Be2 Nac6 25. f5 Nd4 26. Rb1 Ba2 27. Ra1 Nb3 28. Kf3 Nxa1 0-1

[Event "Olympiad Women-31"]
[Site "Moscow"]
[Date "1994.12.04"]
[Round "4"]
[White "Maskova, Jana"]
[Black "Makropoulou, Marina"]
[Result "1/2-1/2"]
[WhiteElo "2220"]
[BlackElo "2280"]
[PlyCount "87"]
[EventDate "1994.12.01"]
[EventType "team-swiss"]
[EventRounds "14"]
[EventCountry "RUS"]
[SourceTitle "EXT 2019"]
[Source "ChessBase"]
[SourceDate "2018.10.10"]
[SourceVersion "1"]
[SourceVersionDate "2018.10.10"]
[SourceQuality "1"]
[WhiteTeam "Czech Republic (W)"]
[BlackTeam "Greece (W)"]
[WhiteTeamCountry "CZE"]
[BlackTeamCountry "GRE"]

1. d4 Nf6 2. c4 g6 3. Nc3 Bg7 4. e4 d6 5. f4 0-0 6. Nf3 Na6 7. Be2 e5 8. fxe5 dxe5 9. d5 Nc5 10. Bg5 h6 11. Bxf6 Qxf6 12. b4 Nd7 13. c5 a5 14. a3 axb4 15. axb4 Rxa1 16. Qxa1 Qf4 17. Qb2 f5 18. g3 Qg4 19. c6 Nb6 20. Nd4 exd4 21. Bxg4 dxc3 22. Qb3 fxg4 23. d6+ Kh7 24. d7 Nxd7 25. cxd7 Bxd7 26. Rf1 Re8 27. Rf7 Rxe4+ 28. Kd1 Be6 29. Rxg7+ Kxg7 30. Qxc3+ Kg8 31. Qf6 Bf5 32. Qd8+ Kf7 33. Qxc7+ Re7 34. Qc3 Rd7+ 35. Ke1 h5 36. b5 Rd3 37. Qc4+ Kf6 38. Qc7 Rd7 39. Qc3+ Kf7 40. Kf2 Re7 41. Qc4+ Kf8 42. Qc5 Ke8 43. Qd6 Kf7 44. Qd5+ 1/2-1/2

[Event "Olympiad Women-31"]
[Site "Moscow"]
[Date "1994.12.03"]
[Round "3"]
[White "Zsiltzova Lisenko, Lubov"]
[Black "Maskova, Jana"]
[Result "1-0"]
[WhiteElo "2200"]
[BlackElo "2220"]
[PlyCount "37"]
[EventDate "1994.12.01"]
[EventType "team-swiss"]
[EventRounds "14"]
[EventCountry "RUS"]
[SourceTitle "EXT 2019"]
[Source "ChessBase"]
[SourceDate "2018.10.10"]
[SourceVersion "1"]
[SourceVersionDate "2018.10.10"]
[SourceQuality "1"]
[WhiteTeam "IBCA (W)"]
[BlackTeam "Czech Republic (W)"]
[BlackTeamCountry "CZE"]

1. e4 c5 2. Nf3 Nc6 3. d4 cxd4 4. Nxd4 Nf6 5. Nc3 e5 6. Ndb5 d6 7. Nd5 Nxd5 8. exd5 Nb8 9. c3 Be7 10. Be2 0-0 11. 0-0 Nd7 12. a4 a6 13. Na3 f5 14. Kh1 Nf6 15. f4 Ne4 16. fxe5 dxe5 17. Nc4 Bc5 18. Nxe5 Qh4 19. Qe1 1-0

[Event "Crudim"]
[Site "Chrudim"]
[Date "1994.??.??"]
[Round "11"]
[White "Krupkova, Petra"]
[Black "Maskova, Jana"]
[Result "1-0"]
[WhiteElo "2235"]
[BlackElo "2220"]
[PlyCount "47"]
[EventDate "1994.??.??"]
[EventType "tourn"]
[EventRounds "11"]
[EventCountry "CZE"]
[EventCategory "1"]
[SourceTitle "EXT 1997"]
[Source "ChessBase"]
[SourceDate "1996.11.15"]
[SourceVersion "1"]
[SourceVersionDate "1996.11.15"]
[SourceQuality "1"]

1. e4 c5 2. Nf3 e6 3. Nc3 Nc6 4. Bb5 Nge7 5. 0-0 Ng6 6. Bxc6 dxc6 7. e5 Qc7 8. Re1 Be7 9. d3 Bd7 10. Qe2 0-0-0 11. a4 f6 12. a5 Nxe5 13. Nxe5 fxe5 14. Qxe5 Bd6 15. Qh5 Rdf8 16. Ne4 Be7 17. Be3 Rf5 18. Qg4 g5 19. b4 cxb4 20. Bxa7 Rxa5 21. Nc5 b3 22. Nxd7 Rxa1 23. Nb6+ Kd8 24. Qd4+ 1-0

[Event "Maidstone Menchik op"]
[Site "Maidstone"]
[Date "1994.??.??"]
[Round "2"]
[White "Maskova, Jana"]
[Black "Hunt, Adam"]
[Result "1/2-1/2"]
[WhiteElo "2220"]
[BlackElo "2250"]
[PlyCount "93"]
[EventDate "1994.??.??"]
[EventType "swiss"]
[EventRounds "9"]
[EventCountry "ENG"]
[SourceTitle "EXT 1997"]
[Source "ChessBase"]
[SourceDate "1996.11.15"]
[SourceVersion "1"]
[SourceVersionDate "1996.11.15"]
[SourceQuality "1"]

1. e4 c5 2. Nf3 d6 3. d4 cxd4 4. Nxd4 Nf6 5. Nc3 a6 6. Bg5 e6 7. Qd2 Be7 8. 0-0-0 0-0 9. f3 b5 10. Bd3 Bb7 11. h4 Nbd7 12. g4 Rc8 13. Nce2 d5 14. Ng3 dxe4 15. Nxe4 Nxe4 16. Bxe4 Bxe4 17. fxe4 Ne5 18. Kb1 Qc7 19. Bf4 Nc4 20. Bxc7 Nxd2+ 21. Rxd2 Rxc7 22. Nf3 Rfc8 23. Rhd1 Kf8 24. c3 Ke8 25. g5 b4 26. cxb4 Bxb4 27. Rd4 Rb7 28. R4d3 Bc3 29. b3 Bb4 30. Rc1 Rxc1+ 31. Kxc1 Ba3+ 32. Kc2 Be7 33. Rc3 Kd8 34. Nd4 Bd6 35. Rc6 Rc7 36. Rxc7 Kxc7 37. Kd3 Bg3 38. Nf3 f6 39. gxf6 gxf6 40. h5 Kd6 41. b4 Bf2 42. a4 h6 43. Nd4 Bxd4 44. Kxd4 Kc6 45. Kc4 Kb6 46. Kd4 Kc6 47. Kc4 1/2-1/2

[Event "Crudim"]
[Site "Chrudim"]
[Date "1994.??.??"]
[Round "5"]
[White "Maskova, Jana"]
[Black "Misanovic, Vesna"]
[Result "0-1"]
[WhiteElo "2220"]
[BlackElo "2340"]
[PlyCount "86"]
[EventDate "1994.??.??"]
[EventType "tourn"]
[EventRounds "11"]
[EventCountry "CZE"]
[EventCategory "1"]
[SourceTitle "EXT 1997"]
[Source "ChessBase"]
[SourceDate "1996.11.15"]
[SourceVersion "1"]
[SourceVersionDate "1996.11.15"]
[SourceQuality "1"]

1. e4 d5 2. exd5 Nf6 3. d4 Nxd5 4. Nf3 g6 5. c4 Nb6 6. h3 Bg7 7. Nc3 0-0 8. Be2 Nc6 9. Be3 e5 10. d5 Ne7 11. Qd2 Nf5 12. 0-0 Nxe3 13. Qxe3 f5 14. Rad1 f4 15. Qc1 Bf5 16. c5 Nd7 17. d6 Nxc5 18. dxc7 Qxc7 19. Nd5 Qd6 20. Nxf4 Qc6 21. Nd5 Rae8 22. b4 Ne6 23. Qxc6 bxc6 24. Ne3 e4 25. Nd2 Nf4 26. Bc4+ Be6 27. Nb3 Bc3 28. Bxe6+ Rxe6 29. Rd7 Bxb4 30. Nd4 Rd6 31. Rxd6 Bxd6 32. Nxc6 Bc5 33. Rb1 Nd3 34. Rb8 Rxb8 35. Nxb8 Kf7 36. Nc6 Bb6 37. a3 Ke6 38. Nc2 Bxf2+ 39. Kf1 Bc5 40. g3 Kd5 41. Nd8 Ne5 42. Nb4+ Bxb4 43. axb4 Nc6 0-1

[Event "Menchik Memorial"]
[Site "Ceske Budejovice"]
[Date "1994.??.??"]
[Round "8"]
[White "Maskova, Jana"]
[Black "Repkova, Eva"]
[Result "1-0"]
[WhiteElo "2220"]
[BlackElo "2265"]
[PlyCount "45"]
[EventDate "1994.??.??"]
[EventType "tourn"]
[EventRounds "9"]
[EventCountry "CZE"]
[SourceTitle "EXT 1997"]
[Source "ChessBase"]
[SourceDate "1996.11.15"]
[SourceVersion "1"]
[SourceVersionDate "1996.11.15"]
[SourceQuality "1"]

1. e4 e6 2. d4 d5 3. Nd2 c5 4. exd5 Qxd5 5. Ngf3 cxd4 6. Bc4 Qd6 7. 0-0 Nf6 8. Nb3 Nc6 9. Nbxd4 Nxd4 10. Qxd4 Bd7 11. Bf4 Qxd4 12. Nxd4 Rc8 13. Bb3 Bc5 14. Rad1 Ke7 15. Rfe1 g6 16. a4 a6 17. c3 h6 18. Rd2 Be8 19. Nxe6 fxe6 20. Rxe6+ Kf8 21. Rxf6+ Kg7 22. Be5 Kh7 23. Rd7+ 1-0